000 00302nam a2200121Ia 4500
008 240624s9999 xx 000 0 und d
041 _aeng
082 _a005.133 PRO
100 _aPROVOST FOSTER
245 _aDATA SCIENCE FOR BUSINESS WHAT YOU NEED
260 _c2017
_aMumbai
_bO'Reilly
365 _cRS
999 _c29338
_d29338